IFM Opac

Alaska: The sophisticated wilderness (Record no. 18607)

MARC details
000 -LEADER
fixed length control field 00372nam a22001457a 4500
020 ## - INTERNATIONAL STANDARD BOOK NUMBER
International Standard Book Number 0 905064 03 8
082 ## - DEWEY DECIMAL CLASSIFICATION NUMBER
Classification number 917.98045GAR
100 ## - MAIN ENTRY--PERSONAL NAME
Personal name Gardey Jon
245 ## - TITLE STATEMENT
Title Alaska: The sophisticated wilderness
260 ## - PUBLICATION, DISTRIBUTION, ETC.
Place of publication, distribution, etc. London
Name of publisher, distributor, etc. Wilton house gentry
Date of publication, distribution, etc. 1976
300 ## - PHYSICAL DESCRIPTION
Extent 224p.
Other physical details ill., 26cm
500 ## - GENERAL NOTE
General note include index and bibliography
650 ## - SUBJECT ADDED ENTRY--TOPICAL TERM
Topical term or geographic name entry element A wild love
942 ## - ADDED ENTRY ELEMENTS (KOHA)
Koha item type Books
Holdings
Withdrawn status Lost status Source of classification or shelving scheme Damaged status Not for loan Home library Current library Shelving location Date acquired Full call number Barcode Date last seen Price effective from Koha item type
    Dewey Decimal Classification     IFM Main Campus Library IFM Main Campus Library   08/17/2017 917.98045GAR 0000011171 08/17/2017 08/17/2017 Books